Pitch cinéma - Statistiques

Statistiques générales
  • Ce quiz a été pris 279 fois
  • Le résultat moyen est 7 sur 20
Statistiques - réponses
Hint Réponse % Correct
Une femme va utiliser 100% des capacités de son cerveau grâce à un nouveau médicament. Lucy
72%
Des hommes préhistorique jouent au biche volley avant qu'il ne fasse tout noir. RRRrrrr!
69%
Des laveurs de vitres volent une main dans un grand immeuble parisien. La tour Montparnasse infernale
68%
Des aliments font l'amour et ne pense qu'au sexe (film d'animation). Sausage party
65%
Un employé de banque désabusé apprend à dire "oui" et uniquement "oui" à tout. Yes man
62%
Des scientifiques expliquent le dérèglement climatique à des journalistes incrédules. Don't look up
54%
Une femme au bout du rouleau explore le multivers et se retrouve avec des "doigts saucisse". Everything everywhere all at once
47%
Deux vieux alcooliques pètent sur un banc pour appeler un extra-terrestre. La soupe aux choux
45%
Un couple de bouchers tue des végétariens et les transforme en produits de charcuterie. Barbaque
36%
Un journaliste Kazakh traverse les États-Unis pour retrouver et épouser Pamela Anderson. Borat
35%
Un pneu attaque tout ceux qu'il croise et tue des gens. Rubber
34%
Dans un monde appliquant la politique de l'enfant unique, une maman donne naissance à des septuplés qu'elle prénomme avec les jours de la semaine. Seven sisters
31%
Une bande copains fait la tournée des bars de la ville en espérant arriver à les faire tous dans la soirée... et sans se faire tuer par des zombis au sang bleu. Le dernier pub avant la fin du monde
21%
Un noir essaie, très maladroitement, d'organiser une marche pour la cause de sa communauté. Tout simplement noir
21%
Un film palpitant d'une heure et demi qui se passe uniquement dans un cercueil. Buried
18%
Deux garçons fan de hard-rock enregistrent une émission de télé dans leur sous-sol. Wayne's world
14%
Un type intellectuellement moyen se retrouve plongé dans un futur où l'humanité est devenu débile. Il devient l'homme le plus intelligent du monde. Idiocracie
13%
Un type se fait greffer une bite électronique. Une de ses amies a, au fond de sa cave, un escalier qui lui permet de remonter dans le temps. Incroyable mais vrai
11%
Grâce à une paire de lunette de soleil, un homme découvre que les extra-terrestres ont envahi la Terre. Invasion Los Angeles
7%
Un clochard un peu déjanté trouve un uniforme de policier et commence à essayer de résoudre les problèmes de la société. Enfermés dehors
6%
Aucun quiz correspondant
Distribution des résultats
% des personnes avec chaque résultat
Percentile par nombre de réponses
Votre historique - résultats
Vous n’avez pas pris ce quiz